| 000 | 00708cam a2200253 4500500 | ||
|---|---|---|---|
| 005 | 20260329001241.0 | ||
| 041 | _afre | ||
| 042 | _adc | ||
| 100 | 1 | 0 |
_aGherardi, Sophie _eauthor |
| 245 | 0 | 0 | _a“Si les gens ne peuvent pas se nourrir, ils se révoltent” |
| 260 | _c2023. | ||
| 500 | _a91 | ||
| 690 | _aConsommation | ||
| 690 | _aÉconomie | ||
| 690 | _aFinance | ||
| 690 | _aInégalités | ||
| 690 | _aMacroéconomie | ||
| 690 | _aMondialisation | ||
| 690 | _aPolitique | ||
| 690 | _aProspective | ||
| 690 | _aRisque | ||
| 786 | 0 | _nPhilonomist | - | 3 | 2023-02-21 | p. 16-22 | |
| 856 | 4 | 1 | _uhttps://shs.cairn.info/magazine-philonomist-2023-3-page-16?lang=fr&redirect-ssocas=7080 |
| 999 |
_c1803514 _d1803514 |
||